Snehabandhangal/ (Record no. 42413)

000 -LEADER
fixed length control field 00337nam a22001451a 4500
082 ## - DEWEY DECIMAL CLASSIFICATION NUMBER
Classification number M2
Item number CHE/S
100 ## - MAIN ENTRY--AUTHOR NAME
Personal name Cherukad
245 ## - TITLE STATEMENT
Title Snehabandhangal/
Statement of responsibility, etc by Cherukad
260 ## - PUBLICATION, DISTRIBUTION, ETC. (IMPRINT)
Place of publication Thrissur:
Name of publisher Current Books,
Year of publication 1998.
300 ## - PHYSICAL DESCRIPTION
Number of Pages 87p.
650 ## - SUBJECT ADDED ENTRY--TOPICAL TERM
Topical Term Drama Malayalam
650 ## - SUBJECT ADDED ENTRY--TOPICAL TERM
Topical Term Literature Malayalam
650 ## - SUBJECT ADDED ENTRY--TOPICAL TERM
Topical Term Literature
942 ## - ADDED ENTRY ELEMENTS (KOHA)
Koha item type Book
Holdings
Withdrawn status Lost status Damaged status Not for loan Permanent Location Current Location Date acquired Cost, normal purchase price Full call number Accession Number Cost, replacement price Price effective from Koha item type Shelving location
        Sree Sankaracharya University of Sanskrit Sree Sankaracharya University of Sanskrit 08.01.2015 40.00 M2 CHE/S 014895 0.00 08.01.2015 Book  
        Sree Sankaracharya University of Sanskrit Sree Sankaracharya University of Sanskrit 08.01.2015 40.00 M2 CHE/S 016148 0.00 08.01.2015 Book  
        Sree Sankaracharya University of Sanskrit Sree Sankaracharya University of Sanskrit 08.01.2015 40.00 M2 CHE/S 060230 0.00 08.01.2015 Book  
        Sree Sankaracharya University of Sanskrit Sree Sankaracharya University of Sanskrit 08.01.2015 40.00 M2 CHE/S 040026 0.00 08.01.2015 Book  
        Sree Sankaracharya University of Sanskrit Sree Sankaracharya University of Sanskrit 08.01.2015 40.00 M2 CHE/S 037558 0.00 08.01.2015 Book  
        Sree Sankaracharya University of Sanskrit Sree Sankaracharya University of Sanskrit 08.01.2015 40.00 M2 CHE/S 037559 0.00 08.01.2015 Book  
        Sree Sankaracharya University of Sanskrit Sree Sankaracharya University of Sanskrit 08.01.2015 40.00 M2 CHE/S 040160 0.00 08.01.2015 Book  
        Sree Sankaracharya University of Sanskrit Sree Sankaracharya University of Sanskrit 08.01.2015 40.00 M2 CHE/S 031262 0.00 08.01.2015 Book  
        Sree Sankaracharya University of Sanskrit Sree Sankaracharya University of Sanskrit 04.08.2018 40.00 M2 CHE/S 091412   04.08.2018 Book Stacks
        Sree Sankaracharya University of Sanskrit Sree Sankaracharya University of Sanskrit 15.06.2020 40.00 M2 CHE/S 099667   15.06.2020 Book Stacks
        Sree Sankaracharya University of Sanskrit Sree Sankaracharya University of Sanskrit 15.06.2020 40.00 M2 CHE/S 099669   15.06.2020 Book Stacks